[Event "Asian University"]
[Site "Tornelo INT"]
[Date "2021.09.11"]
[Round "4"]
[White "Al Mamari, Ali Abdullah"]
[Black "Pheephacharakan, Pinatpong"]
[Result "1-0"]
[WhiteElo "1375"]
[BlackElo "1781"]
[PlyCount "71"]
[EventDate "2021.09.10"]
[EventType "swiss (rapid)"]
[EventRounds "9"]
[EventCountry "NET"]
[SourceTitle "CBM 204 Extra"]
[Source "ChessBase"]
[SourceDate "2021.11.30"]
[SourceVersion "1"]
[SourceVersionDate "2021.11.30"]
[SourceQuality "1"]

1. e4 e6 2. d3 b6 3. g3 Bb7 4. Nf3 d6 5. Bg2 Nd7 6. 0-0 Ngf6 7. Re1 Be7 8. c4 0-0 9. Nc3 h6 10. d4 e5 11. b4 exd4 12. Nxd4 Ne5 13. Qe2 c5 14. bxc5 dxc5 15. Nf5 Re8 16. Bf4 Nd3 17. Rad1 Nxf4 18. gxf4 Qc7 19. Qe3 Nh5 20. Qh3 Nxf4 21. Qg4 Ng6 22. Rd7 Qc6 23. Rxb7 Qxb7 24. e5 Qb8 25. e6 Bf6 26. exf7+ Kxf7 27. Rxe8 Kxe8 28. Qxg6+ Kf8 29. Bd5 Qe8 30. Qh7 Qe1+ 31. Kg2 Ke8 32. Qg8+ Kd7 33. Qf7+ Kd8 34. Qf8+ Kd7 35. Qd6+ Kc8 36. Qc6+ 1-0

[Event "Asian University"]
[Site "Tornelo INT"]
[Date "2021.09.11"]
[Round "5"]
[White "Pheephacharakan, Pinatpong"]
[Black "Kozhamberdiyev, Alan"]
[Result "1-0"]
[WhiteElo "1781"]
[BlackElo "1401"]
[PlyCount "114"]
[EventDate "2021.09.10"]
[EventType "swiss (rapid)"]
[EventRounds "9"]
[EventCountry "NET"]
[SourceTitle "CBM 204 Extra"]
[Source "ChessBase"]
[SourceDate "2021.11.30"]
[SourceVersion "1"]
[SourceVersionDate "2021.11.30"]
[SourceQuality "1"]

1. c4 e6 2. g3 d5 3. Bg2 d4 4. Nf3 c5 5. b4 cxb4 6. a3 bxa3 7. 0-0 Nf6 8. d3 Nc6 9. Bxa3 Bxa3 10. Rxa3 0-0 11. Nbd2 e5 12. Qa1 Qc7 13. Rb1 Re8 14. Ng5 Bg4 15. Kf1 a5 16. c5 Bf5 17. Nc4 h6 18. Nf3 Be6 19. Nd6 Reb8 20. Nd2 Bd5 21. N2c4 Bxg2+ 22. Kxg2 Nd5 23. e4 Nc3 24. Rb6 Qe7 25. Nxa5 Nxa5 26. Rxa5 Rxa5 27. Qxa5 Qc7 28. Qb4 Na2 29. Qc4 Nc3 30. Nb5 Nxb5 31. Qxb5 Rc8 32. Rxb7 Qxc5 33. Qd7 Rf8 34. Rc7 Qa3 35. Qb5 Ra8 36. Qd5 Rf8 37. Qxe5 Qxd3 38. Rd7 Qb3 39. Qxd4 Re8 40. Rd8 Qe6 41. Rxe8+ Qxe8 42. h4 h5 43. Qd5 g6 44. e5 Qe7 45. Kf3 Qa3+ 46. Ke4 Qa4+ 47. Qd4 Qc2+ 48. Kf4 Qf5+ 49. Ke3 Kh7 50. Qf4 Qe6 51. Qf6 Qb3+ 52. Kd4 Qb2+ 53. Kd5 Qb3+ 54. Kd6 Qb7 55. e6 Qb6+ 56. Ke7 fxe6 57. f4 Qd6+ 1-0

[Event "THA-chT"]
[Site "Bangkok"]
[Date "2019.12.16"]
[Round "1.3"]
[White "Pheephacharakan, Pinatpong"]
[Black "Krachangpun, Nathat"]
[Result "1-0"]
[WhiteElo "1734"]
[BlackElo "1777"]
[PlyCount "109"]
[EventDate "2019.12.16"]
[EventType "team-swiss"]
[EventRounds "9"]
[EventCountry "THA"]
[SourceTitle "CBM 194 Extra"]
[Source "ChessBase"]
[SourceDate "2020.03.31"]
[SourceVersion "1"]
[SourceVersionDate "2020.03.31"]
[SourceQuality "1"]
[WhiteTeam "JCA Infinity"]
[BlackTeam "Din Daeng"]
[WhiteTeamCountry "THA"]
[BlackTeamCountry "THA"]

1. c4 Nf6 2. Nc3 e6 3. e4 e5 4. Nf3 Bb4 5. d3 d6 6. a3 Bxc3+ 7. bxc3 h6 8. Rb1 b6 9. g3 c5 10. Bg2 0-0 11. 0-0 Nc6 12. h3 Bd7 13. Be3 Rc8 14. Qd2 Na5 15. Nh4 Qe7 16. Qe1 Qd8 17. Rb2 Nh5 18. f4 Nc6 19. f5 a6 20. Bf3 Nf6 21. Rg2 b5 22. cxb5 axb5 23. g4 Nh7 24. g5 hxg5 25. Qg3 Qf6 26. Bxg5 Qxg5 27. Qxg5 Nxg5 28. Rxg5 f6 29. Rg3 Ra8 30. Ng6 Rfb8 31. h4 Rxa3 32. h5 Kh7 33. h6 Ra2 34. hxg7 Kg8 35. Nf8 Be8 36. Nh7 Bg6 37. Nxf6+ Kxg7 38. Rxg6+ Kf7 39. Bh5 b4 40. Rg2+ Kxf6 41. Rxa2 bxc3 42. Rc2 Rg8+ 43. Kf2 Rh8 44. Bf3 Rh2+ 45. Bg2 Rh8 46. Rxc3 Ra8 47. Ke3 Nd4 48. Bf3 Ra2 49. Rf2 Ra1 50. Rg2 Rf1 51. Be2 Rh1 52. Rc4 Kf7 53. Ra4 d5 54. Ra7+ Kf8 55. f6 1-0

[Event "World ol U16"]
[Site "Corum"]
[Date "2019.11.03"]
[Round "7.20"]
[White "Aydin, Gulenay"]
[Black "Pheephacharakan, Pinatpong"]
[Result "1-0"]
[WhiteElo "1918"]
[BlackElo "1785"]
[PlyCount "65"]
[EventDate "2019.10.29"]
[EventType "team-swiss"]
[EventRounds "9"]
[EventCountry "TUR"]
[SourceTitle "CBM 192 Extra"]
[Source "Chessbase"]
[SourceDate "2019.11.06"]
[SourceVersion "1"]
[SourceVersionDate "2019.11.06"]
[SourceQuality "1"]
[WhiteTeam "Turkey Girls"]
[BlackTeam "Thailand"]
[WhiteTeamCountry "TUR"]
[BlackTeamCountry "THA"]

1. e4 e6 2. d4 d5 3. Nd2 Be7 4. Ngf3 Nf6 5. e5 Nfd7 6. c3 c5 7. Bd3 b6 8. 0-0 Ba6 9. Bxa6 Nxa6 10. Qe2 Nc7 11. Re1 h6 12. Nf1 c4 13. Ng3 b5 14. Nd2 Nb6 15. f4 g6 16. b3 Kd7 17. a4 a6 18. Ba3 Bxa3 19. Rxa3 Qe7 20. Raa1 Rhb8 21. Reb1 cxb3 22. axb5 Nxb5 23. Rxb3 Rc8 24. Rxa6 Nxc3 25. Rxc3 Rxc3 26. Qb5+ Kc8 27. Rxb6 Qc7 28. Nb3 Qc4 29. Qe8+ Kc7 30. Qxa8 Kxb6 31. Qb8+ Ka6 32. Nc5+ Ka5 33. Qa7+ 1-0

[Event "World ol U16"]
[Site "Corum"]
[Date "2019.10.30"]
[Round "3.18"]
[White "Pheephacharakan, Pinatpong"]
[Black "Ahmed, Jaza Jamal"]
[Result "0-1"]
[WhiteElo "1785"]
[BlackElo "2011"]
[PlyCount "112"]
[EventDate "2019.10.29"]
[EventType "team-swiss"]
[EventRounds "9"]
[EventCountry "TUR"]
[SourceTitle "CBM 192 Extra"]
[Source "Chessbase"]
[SourceDate "2019.11.06"]
[SourceVersion "1"]
[SourceVersionDate "2019.11.06"]
[SourceQuality "1"]
[WhiteTeam "Thailand"]
[BlackTeam "Iraq"]
[WhiteTeamCountry "THA"]
[BlackTeamCountry "IRQ"]

1. c4 Nf6 2. Nc3 g6 3. g3 Bg7 4. Bg2 0-0 5. e4 e5 6. Nge2 d6 7. d3 Nbd7 8. h3 a5 9. Be3 Nc5 10. 0-0 c6 11. f4 Nfd7 12. f5 Na6 13. g4 Ndc5 14. a3 Nc7 15. g5 f6 16. h4 fxg5 17. Bxg5 Bf6 18. Bh6 Bg7 19. Bg5 Bf6 20. Bh6 Re8 21. h5 Bg5 22. Bxg5 Qxg5 23. hxg6 hxg6 24. Rf3 Kf7 25. fxg6+ Kg8 26. Rg3 Qf6 27. Qd2 Nb3 28. Qh6 Qg7 29. Qxg7+ Kxg7 30. Rf1 Re7 31. Nd1 Ne6 32. Ne3 Ned4 33. Nxd4 Nxd4 34. Rf2 Be6 35. Nf5+ Bxf5 36. exf5 Rf8 37. Bh3 b5 38. cxb5 cxb5 39. Bg4 Kf6 40. Kg2 d5 41. Rh3 e4 42. dxe4 dxe4 43. Re3 Kg5 44. g7 Rxg7 45. Rxe4 Nxf5 46. Bxf5 Rxf5 47. Rxf5+ Kxf5+ 48. Kf3 Rg3+ 49. Kxg3 Kxe4 50. Kf2 Kd3 51. Ke1 Kc2 52. b4 a4 53. Ke2 Kb3 54. Kd2 Kxa3 55. Kc3 Ka2 56. Kc2 a3 0-1

[Event "World ol U16"]
[Site "Corum"]
[Date "2019.10.29"]
[Round "1.14"]
[White "Csiki, Endre"]
[Black "Pheephacharakan, Pinatpong"]
[Result "1-0"]
[WhiteElo "2287"]
[BlackElo "1785"]
[PlyCount "54"]
[EventDate "2019.10.29"]
[EventType "team-swiss"]
[EventRounds "9"]
[EventCountry "TUR"]
[SourceTitle "CBM 192 Extra"]
[Source "Chessbase"]
[SourceDate "2019.11.06"]
[SourceVersion "1"]
[SourceVersionDate "2019.11.06"]
[SourceQuality "1"]
[WhiteTeam "Hungary"]
[BlackTeam "Thailand"]
[WhiteTeamCountry "HUN"]
[BlackTeamCountry "THA"]

1. e4 e6 2. d4 d5 3. Nd2 Be7 4. e5 c5 5. c3 cxd4 6. cxd4 Nc6 7. Bd3 Bd7 8. Ne2 Rc8 9. Nf3 Nh6 10. Bxh6 gxh6 11. 0-0 Qb6 12. Qd2 Qb4 13. Qxh6 Qxb2 14. Rfb1 Qa3 15. Rb3 Qa5 16. Qg7 Rf8 17. Bxh7 Nb4 18. h4 Nc2 19. Bxc2 Rxc2 20. Ng3 b5 21. h5 Rxa2 22. Rab1 Qc7 23. Ne1 Kd8 24. h6 Kc8 25. h7 Qd8 26. Nh5 a5 27. Rg3 Bh4 1-0

[Event "Pattaya op 1st"]
[Site "Pattaya"]
[Date "2019.07.14"]
[Round "7"]
[White "Asavasaetakul, Chawit"]
[Black "Pheephacharakan, Pinatpong"]
[Result "1-0"]
[WhiteElo "1694"]
[BlackElo "1799"]
[PlyCount "65"]
[EventDate "2019.07.09"]
[EventType "swiss"]
[EventRounds "9"]
[EventCountry "THA"]
[SourceTitle "EXT 2020"]
[Source "ChessBase"]
[SourceDate "2019.10.17"]
[SourceVersion "1"]
[SourceVersionDate "2019.10.17"]
[SourceQuality "1"]

1. e4 e6 2. d4 d5 3. Nd2 Be7 4. Bd3 c5 5. dxc5 Nf6 6. Qe2 Bxc5 7. Ngf3 Nc6 8. c3 0-0 9. 0-0 Re8 10. e5 Nd7 11. Nb3 Be7 12. Nbd4 Nf8 13. Re1 f6 14. Bf4 a6 15. h4 Nxe5 16. Nxe5 fxe5 17. Bxe5 Bxh4 18. Qh5 g6 19. Qh6 Bf6 20. Nf3 Bxe5 21. Nxe5 Qf6 22. Re3 Qg7 23. Qh4 Nd7 24. Ng4 h5 25. Nh2 Nf8 26. f4 Bd7 27. Nf3 Bb5 28. Bc2 Nd7 29. Rae1 Nf6 30. Ne5 Ng4 31. Nxg4 hxg4 32. Qxg4 g5 33. Re5 1-0

[Event "World ol U16"]
[Site "Konya"]
[Date "2018.11.28"]
[Round "5.21"]
[White "Brahami, Lamine"]
[Black "Pheephacharakan, Pinatpong"]
[Result "1-0"]
[WhiteElo "1996"]
[BlackElo "1860"]
[PlyCount "93"]
[EventDate "2018.11.25"]
[EventType "team-swiss"]
[EventRounds "9"]
[EventCountry "TUR"]
[SourceTitle "CBM 187 Extra"]
[Source "ChessBase"]
[SourceDate "2018.11.04"]
[SourceVersion "1"]
[SourceVersionDate "2018.11.04"]
[SourceQuality "1"]
[WhiteTeam "Algeria"]
[BlackTeam "Thailand"]
[WhiteTeamCountry "ALG"]
[BlackTeamCountry "THA"]

1. d4 Nf6 2. c4 e6 3. Nf3 b6 4. g3 Bb7 5. Bg2 Be7 6. 0-0 0-0 7. Nc3 Ne4 8. Qc2 Nxc3 9. Qxc3 f5 10. Rd1 d6 11. a3 Nd7 12. b4 a5 13. Bb2 Bf6 14. Ng5 Bxg5 15. Bxb7 Rb8 16. Bf3 axb4 17. axb4 Nf6 18. Qc2 b5 19. Ra7 Rf7 20. cxb5 d5 21. h4 Bh6 22. Qc6 Qd7 23. Rb7 Rxb7 24. Qxb7 Ne8 25. e3 Nd6 26. Qc6 Nxb5 27. Rc1 g6 28. Be2 Nd6 29. Qa8+ Bf8 30. Rc6 Kg7 31. Qa6 Kf6 32. Kg2 Rg7 33. b5 Nc8 34. Bc3 Bd6 35. Ba5 Re7 36. Qb7 Kf7 37. Bd1 e5 38. Bb3 exd4 39. Bxd5+ Kg7 40. exd4 Bxg3 41. Kxg3 f4+ 42. Kh2 Qg4 43. Rxc7 Qxh4+ 44. Kg1 Qg4+ 45. Bg2 Qd1+ 46. Kh2 Qh5+ 47. Bh3 1-0

[Event "World ol U16"]
[Site "Konya"]
[Date "2018.11.26"]
[Round "3.20"]
[White "Pheephacharakan, Pinatpong"]
[Black "Iskakbaev, Ibraim"]
[Result "1/2-1/2"]
[WhiteElo "1860"]
[BlackElo "1522"]
[PlyCount "92"]
[EventDate "2018.11.25"]
[EventType "team-swiss"]
[EventRounds "9"]
[EventCountry "TUR"]
[SourceTitle "CBM 187 Extra"]
[Source "ChessBase"]
[SourceDate "2018.11.04"]
[SourceVersion "1"]
[SourceVersionDate "2018.11.04"]
[SourceQuality "1"]
[WhiteTeam "Thailand"]
[BlackTeam "Kazakhstan Karaganda"]
[WhiteTeamCountry "THA"]
[BlackTeamCountry "KAZ"]

1. c4 e6 2. g3 d5 3. Bg2 Nf6 4. Nf3 dxc4 5. Na3 Bxa3 6. bxa3 c6 7. a4 a6 8. Ba3 b5 9. Ne5 Bb7 10. 0-0 Nd5 11. e4 Ne7 12. Rb1 Qc7 13. Qh5 0-0 14. Bh3 c5 15. Nxf7 Rxf7 16. Bxe6 Ng6 17. Qf5 Nf8 18. Bxf7+ Qxf7 19. Qxf7+ Kxf7 20. Bxc5 Bxe4 21. Rbe1 Ne6 22. Rxe4 Nxc5 23. Rf4+ Kg8 24. Re1 Nc6 25. axb5 axb5 26. Rf5 Nd3 27. Re4 Nce5 28. Rfxe5 Nxe5 29. Rxe5 Rxa2 30. Rxb5 Rxd2 31. Rc5 Rc2 32. Rc7 h6 33. Kg2 Kh7 34. Rc6 Kg8 35. Rc7 Kh7 36. Rc6 Kg8 37. Rc7 Kh7 38. g4 Kg6 39. Rc6+ Kf7 40. h4 c3 41. Kf3 Rc1 42. Ke2 Rc2+ 43. Ke3 Rc1 44. f3 c2 45. Kd2 Rf1 46. Kxc2 Rxf3 1/2-1/2

[Event "Pattaya op"]
[Site "Pattaya"]
[Date "2018.10.30"]
[Round "8"]
[White "Pheephacharakan, Pinatpong"]
[Black "Quizon, Daniel"]
[Result "0-1"]
[WhiteElo "1836"]
[BlackElo "2334"]
[PlyCount "84"]
[EventDate "2018.10.24"]
[EventType "swiss"]
[EventRounds "9"]
[EventCountry "THA"]
[SourceTitle "CBM 187 Extra"]
[Source "ChessBase"]
[SourceDate "2018.11.04"]
[SourceVersion "1"]
[SourceVersionDate "2018.11.04"]
[SourceQuality "1"]

1. c4 Nf6 2. Nc3 g6 3. g3 Bg7 4. Bg2 d6 5. e4 0-0 6. Nge2 c5 7. d3 Nc6 8. 0-0 Bd7 9. h3 a6 10. Be3 Ne8 11. Qd2 Nd4 12. Bh6 Bxh3 13. Bxg7 Bxg2 14. Kxg2 Kxg7 15. Rh1 Rh8 16. Qh6+ Kg8 17. f4 Nc2 18. Rac1 Nf6 19. f5 Ng4 20. Qh4 Nce3+ 21. Kf3 e6 22. f6 h6 23. e5 dxe5 24. Ne4 h5 25. Qg5 Nxc4 26. Rc3 Nd6 27. Nxc5 Qxf6+ 28. Qxf6 Nxf6 29. Rb3 b5 30. a4 Kg7 31. axb5 axb5 32. Rh4 Rhc8 33. Ne4 Nfxe4 34. dxe4 Nc4 35. Rxb5 Rab8 36. Rxb8 Rxb8 37. Rh1 Rb3+ 38. Kf2 Nxb2 39. Ra1 Nd3+ 40. Kg2 Rb2 41. Kf3 Nc5 42. Ra3 Nxe4 0-1

[Event "Eastern Asia-ch U16 3rd"]
[Site "Shanghai"]
[Date "2018.08.05"]
[Round "5"]
[White "Liu, Yu Ping"]
[Black "Pheephacharakan, Pinatpong"]
[Result "1/2-1/2"]
[WhiteElo "1490"]
[BlackElo "1834"]
[PlyCount "47"]
[EventDate "2018.08.02"]
[EventType "swiss"]
[EventRounds "9"]
[EventCountry "CHN"]
[SourceTitle "EXT 2019"]
[Source "ChessBase"]
[SourceDate "2018.10.10"]
[SourceVersion "1"]
[SourceVersionDate "2018.10.10"]
[SourceQuality "1"]

1. Nf3 Nf6 2. g3 g6 3. b3 Bg7 4. Bb2 0-0 5. Bg2 d5 6. 0-0 c5 7. d3 Nc6 8. Ne5 Qc7 9. Nxc6 bxc6 10. Nd2 e5 11. c4 d4 12. Rb1 Rb8 13. Qc2 Bf5 14. Bc1 Qd6 15. b4 cxb4 16. c5 Qc7 17. Nc4 Be6 18. Bd2 a5 19. a3 Nd5 20. axb4 Nxb4 21. Qa4 Rb5 22. Nxa5 Rxa5 23. Qxb4 Rb5 24. Qa4 1/2-1/2

[Event "THA-ch"]
[Site "Bangkok"]
[Date "2015.11.08"]
[Round "5"]
[White "Asavasaetakul, Chawit"]
[Black "Pheephacharakan, Pinatpong"]
[Result "0-1"]
[WhiteElo "1336"]
[BlackElo "1775"]
[PlyCount "62"]
[EventDate "2015.11.06"]
[EventType "swiss"]
[EventRounds "9"]
[EventCountry "THA"]
[SourceTitle "CBM 169 Extra"]
[Source "ChessBase"]
[SourceDate "2015.12.18"]
[SourceVersion "1"]
[SourceVersionDate "2015.12.18"]
[SourceQuality "1"]

1. e4 e6 2. d4 d5 3. exd5 exd5 4. Bd3 Bd6 5. Ne2 Ne7 6. 0-0 Bg4 7. f3 Bh5 8. Bf4 Nbc6 9. c3 Bg6 10. Bxd6 Qxd6 11. Ng3 0-0 12. Re1 Rfe8 13. Bxg6 Qxg6 14. Nd2 h5 15. Ne2 Qf6 16. Qc2 Nf5 17. Nf1 h4 18. Kh1 h3 19. Ng1 hxg2+ 20. Qxg2 Qh4 21. Qg4 Rxe1 22. Qxh4 Rxa1 23. Qh3 g6 24. Ng3 Nxg3+ 25. hxg3 Re8 26. f4 Ree1 27. Qc8+ Kg7 28. Kg2 Rxg1+ 29. Kf3 Raf1+ 30. Kg4 Rh1 31. Qxb7 f5+ 0-1